000 00422nam a22001697a 4500
003 OSt
008 230320b |||||||| |||| 00| 0 eng d
020 _a9780195676853
082 _a006.4 SHP
100 _aSHINGHAL,Rajjan
245 _aPattern Recognition Techniques and Applications
250 _aIMP 10th
260 _aNew Delhi
_bOxford
_c2015
300 _a304
650 _aPattern Recognition
942 _2ddc
_cBK
999 _c11873
_d11873